Management: the simple way (Record no. 477289)

000 -LEADER
fixed length control field 00410cam a22001337a 4500
008 - FIXED-LENGTH DATA ELEMENTS--GENERAL INFORMATION
fixed length control field 180718b1979 xxu||||| |||| 00| 0 eng d
082 ## - DEWEY DECIMAL CLASSIFICATION NUMBER
Classification number I5 P537
100 ## - MAIN ENTRY--PERSONAL NAME
Personal name Philip, J.
245 ## - TITLE STATEMENT
Title Management: the simple way
Statement of responsibility, etc. by J. Philip and T.S. Srinivasan
260 ## - PUBLICATION, DISTRIBUTION, ETC.
Place of publication, distribution, etc. Ranchi
Name of publisher, distributor, etc. Management Traininig Institute for Steel Authority of India
Date of publication, distribution, etc. 1979
300 ## - PHYSICAL DESCRIPTION
Extent 103p.
650 ## - SUBJECT ADDED ENTRY--TOPICAL TERM
Topical term or geographic name entry element Management
700 ## - ADDED ENTRY--PERSONAL NAME
Personal name Srinicvasan, T.S.
Holdings
Withdrawn status Lost status Damaged status Not for loan Permanent Location Current Location Date acquired Full call number Barcode Date last seen Price effective from Koha item type
        Indian Institute of Public Administration Indian Institute of Public Administration 2018-08-04 I5 P537 GR10805 2018-08-04 2018-08-04 GR

Powered by Koha